<?xml version="1.0" encoding="UTF-8"?><record xmlns="http://www.loc.gov/MARC21/slim" xmlns:zs="http://docs.oasis-open.org/ns/search-ws/sruResponse">
  <leader>03890nam a22004213i 4500</leader>
  <controlfield tag="001">22062097</controlfield>
  <controlfield tag="005">20250607105744.0</controlfield>
  <controlfield tag="006">m    |o  d |      </controlfield>
  <controlfield tag="007">cr |||||||||||</controlfield>
  <controlfield tag="008">210525m17001703xx |||||o|||||||| ||myn  </controlfield>
  <datafield ind1=" " ind2=" " tag="035">
    <subfield code="a">22062097</subfield>
  </datafield>
  <datafield ind1=" " ind2=" " tag="906">
    <subfield code="a">0</subfield>
    <subfield code="b">ibc</subfield>
    <subfield code="c">orignew</subfield>
    <subfield code="d">u</subfield>
    <subfield code="e">ncip</subfield>
    <subfield code="f">20</subfield>
    <subfield code="g">y-gencatlg</subfield>
  </datafield>
  <datafield ind1=" " ind2=" " tag="955">
    <subfield code="a">LCAP batch update 2025-06-02-04:00: LCAPM-988</subfield>
  </datafield>
  <datafield ind1=" " ind2=" " tag="010">
    <subfield code="a">  2021668226</subfield>
  </datafield>
  <datafield ind1=" " ind2=" " tag="035">
    <subfield code="a">(WDL)19995</subfield>
  </datafield>
  <datafield ind1=" " ind2=" " tag="040">
    <subfield code="a">DLC</subfield>
    <subfield code="b">eng</subfield>
    <subfield code="c">DLC</subfield>
  </datafield>
  <datafield ind1=" " ind2=" " tag="041">
    <subfield code="a">myn</subfield>
    <subfield code="a">spa</subfield>
  </datafield>
  <datafield ind1=" " ind2=" " tag="080">
    <subfield code="a">299</subfield>
  </datafield>
  <datafield ind1=" " ind2=" " tag="080">
    <subfield code="a">972</subfield>
  </datafield>
  <datafield ind1="0" ind2="0" tag="245">
    <subfield code="a">Popol Vuh: Transcription in Quiché Mayan and Translation into Spanish.</subfield>
  </datafield>
  <datafield ind1=" " ind2=" " tag="260">
    <subfield code="a">[place of publication not identified] :</subfield>
    <subfield code="b">[publisher not identified],</subfield>
    <subfield code="c">[1700 to 1703]</subfield>
  </datafield>
  <datafield ind1=" " ind2=" " tag="300">
    <subfield code="a">1 online resource.</subfield>
  </datafield>
  <datafield ind1=" " ind2=" " tag="336">
    <subfield code="a">text</subfield>
    <subfield code="b">txt</subfield>
    <subfield code="2">rdacontent</subfield>
  </datafield>
  <datafield ind1=" " ind2=" " tag="337">
    <subfield code="a">computer</subfield>
    <subfield code="b">c</subfield>
    <subfield code="2">rdamedia</subfield>
  </datafield>
  <datafield ind1=" " ind2=" " tag="338">
    <subfield code="a">online resource</subfield>
    <subfield code="b">cr</subfield>
    <subfield code="2">rdacarrier</subfield>
  </datafield>
  <datafield ind1=" " ind2=" " tag="500">
    <subfield code="a">Title devised, in English, by Library staff.</subfield>
  </datafield>
  <datafield ind1=" " ind2=" " tag="500">
    <subfield code="a">Original resource extent: 56, 6 folios ; 31 centimeters.</subfield>
  </datafield>
  <datafield ind1=" " ind2=" " tag="520">
    <subfield code="a">The Popol Vuh, which has been translated as Book of the Council, Book of the Community, Book of the People, and The Sacred Book, is the creation account of the K'iche' or Quiché Mayan people of present-day Guatemala. Popol is also defined as "woven mat," and vuh or vuj as "book." The text weaves together Mayan stories concerning cosmologies, origins, traditions, and spiritual histories that explain the creation of the world, the origins and early migrations of Central American Indians, and their history and traditions, and that provide a chronology of the last Quiché kings and rulers. The text is considered by many Mayans as their equivalent of the Christian Bible and is held by them in deep reverence. The Newberry's manuscript of the Popol Vuh is one of the most widely known and possibly the earliest surviving copy. It was transcribed between 1700 and 1715 in Chichicastenango, Guatemala, by the Dominican priest Francisco Ximénez (1666--circa 1722). A linguist, Ximénez was interested in the native Quiché (or K'iche') language. Some scholars believe that Ximénez's copy was derived from an earlier version, probably prepared in the 16th century by a native speaker who had been taught Latin characters. The earlier forms of the text were codices or screenfolds with glyphs as aides-memoires. Screenfolds were long strips of bark paper, cotton, or leather that folded into accordion pleats, and glyphs were symbols that conveyed information nonverbally. Ximénez's transcription uses Latin script to present the Quiché original and gives a side-by-side translation into Spanish. The text, which almost appears to be free verse, was clearly designed to be presented orally. Ximénez's transcription of the Quiché is studded with corrections. It is possible that the text was recited, possibly by as many as three people, which would account for some of the repetition and strike-outs. The manuscript has a second text, "Escolios a la historia de el origen de los indios," consisting of six leaves at the end, containing Ximénez's comments on the history as well as fragments of a confession, and a concluding rhetorical address praising the Dominican Order, dated August 14, 1734, and signed "Echave."</subfield>
  </datafield>
  <datafield ind1="1" ind2=" " tag="535">
    <subfield code="3">Original resource at:</subfield>
    <subfield code="a">The Newberry Library.</subfield>
  </datafield>
  <datafield ind1=" " ind2=" " tag="546">
    <subfield code="a">Content in K'iche' and Spanish.</subfield>
  </datafield>
  <datafield ind1="0" ind2=" " tag="588">
    <subfield code="a">Description based on data extracted from World Digital Library, which may be extracted from partner institutions.</subfield>
  </datafield>
  <datafield ind1=" " ind2="0" tag="653">
    <subfield code="a">1700 to 1703</subfield>
  </datafield>
  <datafield ind1=" " ind2="0" tag="653">
    <subfield code="a">Creation</subfield>
    <subfield code="a">Indians of Central America</subfield>
    <subfield code="a">Indigenous peoples</subfield>
    <subfield code="a">Maya mythology</subfield>
    <subfield code="a">Mayas</subfield>
    <subfield code="a">Mesoamerica</subfield>
    <subfield code="a">Popol vuh</subfield>
  </datafield>
  <datafield ind1=" " ind2=" " tag="720">
    <subfield code="a">Ximénez, Francisco, 1560?-1620</subfield>
    <subfield code="e">Transcriber.</subfield>
  </datafield>
  <datafield ind1=" " ind2=" " tag="752">
    <subfield code="a">Guatemala</subfield>
    <subfield code="b">Quiché</subfield>
    <subfield code="d">Santa Cruz del Quiché</subfield>
  </datafield>
  <datafield ind1="4" ind2="0" tag="856">
    <subfield code="d">gdcwdl</subfield>
    <subfield code="f">wdl_19995</subfield>
    <subfield code="u">https://hdl.loc.gov/loc.wdl/wdl.19995</subfield>
  </datafield>
  <datafield ind1=" " ind2=" " tag="985">
    <subfield code="a">wdl/wdlpartner/wdlnewberry</subfield>
  </datafield>
  <datafield ind1=" " ind2=" " tag="991">
    <subfield code="b">s-Online</subfield>
    <subfield code="h">Electronic Resource</subfield>
  </datafield>
</record>
